Eastern Utah Libraries Catalog: Duchesne, Heber, Roosevelt, & Vernal

Cult Killer (Record no. 395139)

MARC details
000 -LEADER
fixed length control field 01688ngm a22004935a 4500
001 - CONTROL NUMBER
control field 3442965
005 - DATE AND TIME OF LATEST TRANSACTION
control field 20240405144405.0
007 - PHYSICAL DESCRIPTION FIXED FIELD--GENERAL INFORMATION
fixed length control field vd cvaizs
008 - FIXED-LENGTH DATA ELEMENTS--GENERAL INFORMATION
fixed length control field 240329s2024 xxu106 e vleng d
020 ## - INTERNATIONAL STANDARD BOOK NUMBER
Terms of availability $26.99
024 1# - OTHER STANDARD IDENTIFIER
Standard number or code 043396636224
Terms of availability 26.99
028 42 - PUBLISHER NUMBER
Publisher number 16621003
035 ## - SYSTEM CONTROL NUMBER
System control number (MWT)on1423331130
037 ## - SOURCE OF ACQUISITION
Stock number 16621003
040 ## - CATALOGING SOURCE
Original cataloging agency Midwest
Description conventions rda
092 ## - LOCALLY ASSIGNED DEWEY CALL NUMBER (OCLC)
Classification number dvd
245 00 - TITLE STATEMENT
Title Cult Killer
Medium [videorecording].
250 ## - EDITION STATEMENT
Edition statement Widescreen ed.
260 ## - PUBLICATION, DISTRIBUTION, ETC. (IMPRINT)
Place of publication, distribution, etc [United States] :
Name of publisher, distributor, etc Sony Pictures Home Entertainment,
Date of publication, distribution, etc 2024.
264 ## - Production, Publication, Distribution, Manufacture, and Copyright Notice.
Place of production, publication, distribution, manufacture [United States] :
Name of producer, publisher, distributor, manufacturer Sony Pictures Home Entertainment,
Date of production, publication, distribution, manufacture, or copyr 2024.
300 ## - PHYSICAL DESCRIPTION
Extent 1 videodisc (ca. 106 min.) :
Other physical details sd., col. ;
Dimensions 4 3/4 in.
500 ## - GENERAL NOTE
General note 03/19/2024
508 ## - CREATION/PRODUCTION CREDITS NOTE
Creation/production credits note Director, Jon Keeyes.
511 1# - PARTICIPANT OR PERFORMER NOTE
Participant or performer note Alice Eve, Shelley Hennig, Paul Reid, Antonio Banderas.
520 ## - SUMMARY, ETC.
Summary, etc A PI and his partner are drawn into a web of intrigue when they start tracking a serial killer targeting a wealthy family with a dark secret.
521 8# - TARGET AUDIENCE NOTE
Target audience note MPAA rating: R.
538 ## - SYSTEM DETAILS NOTE
System details note DVD.
546 ## - LANGUAGE NOTE
Language note English audio; French subtitles.
546 ## - LANGUAGE NOTE
Language note English subtitles for the deaf and hard of hearing.
650 #4 - SUBJECT ADDED ENTRY--TOPICAL TERM
Topical term or geographic name as entry element Action/Adventure.
650 #4 - SUBJECT ADDED ENTRY--TOPICAL TERM
Topical term or geographic name as entry element Horror.
655 #4 - INDEX TERM--GENRE/FORM
Genre/form data or focus term Action/Adventure.
9 (RLIN) 5706016
700 1# - ADDED ENTRY--PERSONAL NAME
Personal name Eve, Alice
9 (RLIN) 5814729
700 1# - ADDED ENTRY--PERSONAL NAME
Personal name Hennig, Shelley
9 (RLIN) 6485032
700 1# - ADDED ENTRY--PERSONAL NAME
Personal name Reid, Paul
700 1# - ADDED ENTRY--PERSONAL NAME
Personal name Banderas, Antonio
9 (RLIN) 38020
856 7# - ELECTRONIC LOCATION AND ACCESS
Materials specified View cover art
Uniform Resource Identifier <a href="https://thumbnail.midwesttape.com/16621003_180.jpg">https://thumbnail.midwesttape.com/16621003_180.jpg</a>
Access method https
942 ## - ADDED ENTRY ELEMENTS (KOHA)
Source of classification or shelving scheme Dewey Decimal Classification
Koha item type Rated-R Video, DVD, or Blu-Ray
Holdings
Withdrawn status Lost status Source of classification or shelving scheme Damaged status Not for loan Collection code Home library Current library Shelving location Date acquired Source of acquisition Total Checkouts Total Renewals Full call number Barcode Date last seen Date checked out Cost, replacement price Price effective from Koha item type
    Dewey Decimal Classification     Movies Wasatch County Library Wasatch County Library Audio Visual Area 10/22/2025 Amazon 6 5 Movie Cult Killer 34301002170639 01/17/2026 01/15/2026 13.99 10/22/2025 DVD
This project was made possible through a grant from the Institute of Museum and Library Service administered by the Utah State Library Division.

Wasatch County Library

  • 465 East 1200 South, Heber City, Utah 84032
  • Phone 435-654-1511 | Fax 435-654-6456

Hours

  • Monday - Friday 9:30 AM - 8:00 PM
  • Saturday 9:30 AM - 1:30 PM
  • Closed Sundays and Holidays